000 00370 a2200157 4500
001 150818
040 _cEscola São Tomás de Aquino
100 _aPESSOA, Pedro
240 1 0 _aO tesouro da ilha qualquer
_lpor
245 1 0 _aO tesouro da ilha qualquer
300 _a76
362 0 _a1983
440 1 _aNova Fronteira
697 _aARTES E RECREAÇÃO
942 _cBK
999 _c150818
_d150818